| 000 | 00667nam a22002413 4500 | ||
|---|---|---|---|
| 999 |
_c9938 _d9938 |
||
| 001 | 9938 | ||
| 003 | BD -JhCC | ||
| 005 | 20180404095208.0 | ||
| 008 | 180403s1978 xx 000 1 und d | ||
| 035 |
_aOCLC pks03725312 from D961007K _a(BD -JhCC)9938 |
||
| 040 |
_aEQO _cEQO _dBD-JhCC |
||
| 041 | _aeng | ||
| 082 |
_bGOR 1978 _a891.74209 |
||
| 100 | 1 | _aGorkey, Maxim | |
| 245 | 1 | 0 |
_aMaxim Gorky collected works in ten volumes / _cGorkey, Maxim |
| 260 |
_aMoscow : _c1978. _bProgress Publishers, |
||
| 300 |
_a310 p. : _c18 cm. |
||
| 600 |
_aGorky, Maksim, _d1868-1936 |
||
| 700 | 1 | _aCharushin, E. | |
| 700 | 1 | _aDoglish, R. | |
| 942 |
_2ddc _cREF |
||